Les 20 titres les plus diffusés en radio en 2018 - Statistiques

Statistiques générales
  • Ce quiz a été pris 66 fois
  • Le résultat moyen est 4 sur 20
Statistiques - réponses
Classement Interprètes Titres % Correct
1 Maître Gims & Vianney La Même
77%
7 Maroon 5 &. Cardi B Girls Like You
44%
18 Camila Cabello Havana
44%
16 Ed Sheeran Perfect
39%
5 Calvin Harris & Dua Lipa One Kiss
37%
20 Drake God's Plan
25%
2 Tom Walker Leave a Light On
19%
13 George Ezra Shotgun
18%
4 Jain Alright
14%
8 Ariana Grande No Tears Left to Cry
14%
3 David Guetta & Sia Flames
12%
9 Shawn Mendes In My Blood
9%
15 Calvin Harris & Sam Smith Promises
9%
12 Vitaa & Claudio Capéo Un peu de rêve
7%
11 Ed Sheeran Happier
5%
6 Cecilia Krull My Life Is Going On
5%
10 Imagine Dragons Whatever It Takes
5%
17 Kygo Stargazing
2%
19 Imagine Dragons Next to Me
0%
14 Jérémy Frérot Revoir
0%
Aucun quiz correspondant
Distribution des résultats
% des personnes avec chaque résultat
Percentile par nombre de réponses
Votre historique - résultats
Vous n’avez pas pris ce quiz